Simpsons Parodies - Statistics

General Stats
  • This quiz has been taken 11,778 times
  • The average score is 9 of 22
Answer Stats
Simpsons Real Life % Correct
Krustyburger McDonald's
91%
Malibu Stacy Barbie
84%
Kwik-E-Mart 7-Eleven
69%
Duff Budweiser
65%
Ranier Wolfcastle Arnold Schwarzenegger
63%
Ribwich McRib
56%
Seven Duffs Seven Dwarfs
55%
The Murderhorn The Matterhorn
52%
Squishee Slurpee
48%
The Stonecutters The Masons
47%
Drederick Tatum Mike Tyson
45%
Fallout Boy Robin
44%
"Who Shot Mr. Burns?" (TV episode) Who Shot J.R.?
36%
Joe Quimby John F. Kennedy
35%
The Be Sharps The Beatles
29%
"See My Vest" (song) Be Our Guest
23%
Menthol Moose Joe Camel
23%
"We're Sending Our Love Down the Well" (song) We Are the World
15%
Booberella Elvira
11%
Capital City Goofball Philly Phanatic
10%
Ernst and Gunter Siegfried and Roy
9%
Lurleen Lumpkin Loretta Lynn
6%
No matching quizzes found
Score Distribution
Percent of People with Each Score
Percentile by Number Answered
Your Score History
You have not taken this quiz